00826nam a2200253 a 450000100060000000300080000600500170001400800410003102000150007203500190008703500140010604000330012004100080015308200240016110000500018524500890023526000590032430000360038350400420041960000260046161000340048765000190052165100320054025033BD-RjUL20211209050824.0140316s1971 njub b 001 0 eng d a0813507049 a(BD-RjUL)25102 a(BD-RjUL) aLCbengcLCdNNCU:AdBD-RjUL aeng04a355.00943bADB 19711 aAddington, Larry H.q(Larry Holbrook),d1932-14aThe blitzkrieg era and the German General Staff, 1865-1941 /cby Larry H. Addington. aNew Brunswick, N.J. :bRutgers University Press,c1971 axvii, 285 p. :bmaps. ;c24 cm. aBibliography: p. [257]-265. and Index10aHalder, Franz,d1884-10aGermany.bHeer.bGeneralstab. 0aLightning war. 0aGermanyxHistory, Military.